A-Z: Biggest countries or regions - Statistics

General Stats
  • This quiz has been taken 18 times
  • The average score is 15 of 26
Answer Stats
Initial: Country or region % Correct
C Canada
100%
R Russia
100%
B Brazil
94%
I India
94%
A Australia
88%
K Kazakhstan
88%
U USA
88%
F France
81%
M Mexico
81%
D D.R. Congo
75%
E Ethiopia
75%
Z Zambia
75%
J Japan
69%
V Venezuela
69%
P Peru
56%
L Libya
44%
Q Queensland
38%
G Greenland
31%
W Western Australia
31%
O Ontario
19%
X Xinjiang
19%
N Nunavut
13%
T Tibet
13%
H Heilongjiang
6%
S Sakha Republic
6%
Y Yamalo-Nenets Autonomous Okrug
6%
No matching quizzes found
Score Distribution
Percent of People with Each Score
Percentile by Number Answered
Your Score History
You have not taken this quiz